| 000 | 00341nam a2200133Ia 4500 | ||
|---|---|---|---|
| 008 | 240624s9999 xx 000 0 und d | ||
| 041 | _aeng | ||
| 082 | _a510 HIG | ||
| 100 | _aHIGGINS PETER M | ||
| 245 | _aNETS PUZZLES AND POSTMEN AN EXPLORATION | ||
| 260 |
_c2008 _aNew Delhi _bOxford |
||
| 300 | _aviii, : 247p. ; 22cm. | ||
| 365 |
_cRS _b30 |
||
| 999 |
_c13840 _d13840 |
||